| 000 | 00976nam a22002297a 4500 | ||
|---|---|---|---|
| 999 |
_c18468 _d18468 |
||
| 003 | AR-CdUCM | ||
| 008 | 190514b ||||| |||| 00| 0 spa d | ||
| 040 |
_aMUNICIPALIDAD PROVINCIAL DEL CUSCO _cBIBLIOTECA MUNICIPAL DEL CUSCO |
||
| 082 |
_a375 / _bA41 |
||
| 100 |
_aAlmendros, Herminio _910091 |
||
| 245 |
_aLa inspección escolar : _bexposición critica de su proceso en Cuba y sugestiones para una readaptación posible / |
||
| 260 |
_aSantiago de Cuba : _bAlfa, _c1952. |
||
| 300 |
_a387 páginas ; _c24.5 cm. |
||
| 505 | _aContenido: Antecedentes de la inspección escolar en Cuba -- La inspección durante el gobierno provisional de los Estados Unidos -- Previa consideraciones generales entre lo de ayer y lo de hoy ... | ||
| 650 |
_aEducación escolar _99399 |
||
| 650 |
_aInspección escolar _93507 |
||
| 650 |
_aEducación primaria _91561 |
||
| 650 |
_aCuba _91821 |
||
| 710 |
_aUniversidad de Oriente _939074 |
||
| 942 |
_2ddc _cLIBROS |
||
| 945 |
_aacv _d2019-05-14 |
||